000 01893nam2a2200265 4500
001 RU\NLR\BIBL_A\022740824
005 20260308044951.0
035 _a(NLR Aleph) 022740824
090 _a13557382
_c13557382
100 _a20260302d1904 k y0rusy50 ca
101 0 _arus
102 _aRU
105 _aa z 000yy
200 1 _a... за 1903/4 уч. год
210 _d1904
215 _a[221] с. разд. паг., [4] л. ил., табл.
_cтабл.
_d25
316 _aЭкз. РНБ (37.42.3.53) в пер., с крапчатым кн. обрезом
_5NLR: 37.42.3.53
327 1 _aВ Прил.: Приказы и Журналы Ташкент. приготов. шк. 2-го Оренбург. кадет. корпуса (по учеб.-воспитат. части) 1903–1904 гг.
461 0 _1001v19\rc\1724320
_12001#$aОбзор деятельности Ташкентской приготовительной школы 2-го Оренбургскаго кадетскаго корпуса ...$fсоставил инспектор классов школы В. Дунин-Барковский$vВып. 4
_1700#1$aДунин-Барковский$bВ. Н.$f1871-1943$gВалериан Николаевич$3RU\NLR\AUTH\770290680
_94854688
_aДунин-Барковский, В. Н. (1871-1943)
_cТашкент
_d1901–1904
_fсоставил инспектор классов школы В. Дунин-Барковский
_nТипография Штаба Туркестанскаго военнаго Округа
_tОбзор деятельности Ташкентской приготовительной школы 2-го Оренбургскаго кадетскаго корпуса ...
_vВып. 4
518 1 _a... за 1903–1904 учебный год
852 _aNLR
_j37.42.3.53
942 _cUNSPEC
980 _aNB